000 00603nam a2200241 a 4500
001 nice12345678
003 IN_TiNIC
005 20260116011904.0
008 050524s1942 laha grp 000 0 eng
020 _a
_c12.5
082 0 0 _a297.1977
_bSHE
100 _aSherwani, H K
245 _aStudies in Muslim Political Thought and Administration
260 _aLahore
_bSh.Muhammad Ashraf
_c1942
300 _a294p
500 _aincludes index and biblioraphy
505 2 _aIndex
650 _aIslam and Politics
700 1 _aSherwani, H K
902 _bSRS
942 _cBK
999 _c4730
_d4730